[Event "Malakhatko Memorial op"]
[Site "Chess.com INT"]
[Date "2023.06.14"]
[Round "4"]
[White "Baryshpolets, Andrey"]
[Black "Skliarov, Viktor"]
[Result "0-1"]
[WhiteElo "2569"]
[BlackElo "2383"]
[PlyCount "68"]
[EventDate "2023.06.14"]
[EventType "swiss (blitz)"]
[EventRounds "11"]
[EventCountry "USA"]
[SourceTitle "CBM 214 Extra"]
[Source "ChessBase"]
[SourceDate "2023.07.31"]
[SourceVersion "1"]
[SourceVersionDate "2023.07.31"]
[SourceQuality "1"]

1. d4 Nf6 2. c4 e6 3. g3 c5 4. d5 exd5 5. cxd5 b5 6. e4 Nxe4 7. Qe2 Qe7 8. Bg2 f5 9. Be3 d6 10. Qxb5+ Qd7 11. Qb3 Be7 12. Ne2 Ba6 13. Nbc3 Nxc3 14. Nxc3 Qb7 15. Qc2 0-0 16. 0-0-0 Nd7 17. f4 Rab8 18. h3 Bf6 19. g4 Rfe8 20. Rde1 Qb4 21. Bd2 c4 22. g5 Bd4 23. a3 Qb6 24. Rxe8+ Rxe8 25. Qxf5 Nc5 26. Qc2 Nd3+ 27. Kb1 Rb8 28. Bc1 Qa5 29. Ka2 Rb3 30. Be4 Nb4+ 31. Kb1 Nxc2 32. Kxc2 Rxc3+ 33. bxc3 Qxc3+ 34. Kd1 Be3 0-1

[Event "Cappelle Online Blitz op"]
[Site "Europe Echecs INT"]
[Date "2021.03.07"]
[Round "11"]
[White "Cheparinov, Ivan"]
[Black "Baryshpolets, Andrey"]
[Result "0-1"]
[WhiteElo "2667"]
[BlackElo "2569"]
[PlyCount "142"]
[EventDate "2021.03.07"]
[EventType "swiss (blitz)"]
[EventRounds "11"]
[EventCountry "FRA"]
[SourceTitle "CBM 201 Extra"]
[Source "ChessBase"]
[SourceDate "2021.05.31"]
[SourceVersion "1"]
[SourceVersionDate "2021.05.31"]
[SourceQuality "1"]

1. d4 d5 2. c4 e6 3. Nf3 Nf6 4. g3 dxc4 5. Bg2 a6 6. Ne5 Bb4+ 7. Nc3 Nd5 8. 0-0 0-0 9. Ne4 b5 10. b3 cxb3 11. Qxb3 Bb7 12. Nd3 Be7 13. Nec5 Qc8 14. Bb2 Nd7 15. Nxb7 Qxb7 16. Rac1 c6 17. Rfd1 Rab8 18. h4 Rfc8 19. h5 h6 20. Nc5 Nxc5 21. dxc5 Rd8 22. e4 Nf6 23. Bf3 Qc7 24. Qe3 Rxd1+ 25. Rxd1 Rd8 26. Rc1 e5 27. Kg2 Nd7 28. Rc2 Nf8 29. Qc3 Bf6 30. Bg4 Rd4 31. Qe3 Rd8 32. Qb3 a5 33. a4 b4 34. Qc4 Qe7 35. Qa6 Qc7 36. Qc4 Qe7 37. Qa6 Qc7 38. Qb6 Rd7 39. Bxd7 Qxd7 40. Qa6 Ne6 41. Qe2 Nd4 42. Bxd4 Qxd4 43. Qc4 Qd1 44. Qe2 Qd4 45. Rc4 Qd7 46. Qc2 Bg5 47. Qe2 Bd2 48. Rc2 Bc3 49. Qa6 Kh7 50. Re2 Qd1 51. Re3 Bd4 52. Rf3 b3 53. Qc8 b2 54. Qf5+ Kh8 55. Qc8+ Kh7 56. Rxf7 Qxh5 57. Rb7 Qg6 58. Qf5 Qxf5 59. exf5 e4 60. Kf1 h5 61. Ke2 Kh6 62. f3 exf3+ 63. Kxf3 Kg5 64. Ke4 Bf6 65. Kd3 Kg4 66. Kc2 Kxg3 67. Rb6 h4 68. Rxc6 h3 69. Rc8 h2 70. Rh8 Bh4 71. f6 h1Q 0-1

[Event "Cappelle Online Blitz op"]
[Site "Europe Echecs INT"]
[Date "2021.03.07"]
[Round "8"]
[White "Kamsky, Gata"]
[Black "Baryshpolets, Andrey"]
[Result "1-0"]
[WhiteElo "2665"]
[BlackElo "2569"]
[PlyCount "89"]
[EventDate "2021.03.07"]
[EventType "swiss (blitz)"]
[EventRounds "11"]
[EventCountry "FRA"]
[SourceTitle "CBM 201 Extra"]
[Source "ChessBase"]
[SourceDate "2021.05.31"]
[SourceVersion "1"]
[SourceVersionDate "2021.05.31"]
[SourceQuality "1"]

1. d4 d5 2. Nf3 Nf6 3. Bf4 c5 4. e3 Nc6 5. Nbd2 Bg4 6. c3 e6 7. h3 Bh5 8. Qb3 Qb6 9. Be2 c4 10. Qc2 Bg6 11. Qc1 Rc8 12. 0-0 Qd8 13. Re1 Bd6 14. Bg5 Be7 15. Bxf6 Bxf6 16. Bd1 0-0 17. Bc2 b5 18. a3 a5 19. Bxg6 hxg6 20. e4 Qd7 21. h4 b4 22. axb4 axb4 23. Nf1 Ra8 24. Qf4 Rfb8 25. Ng3 Qd8 26. h5 g5 27. Qg4 bxc3 28. bxc3 Rxa1 29. Rxa1 Rb3 30. exd5 exd5 31. Rc1 Na7 32. Ne2 Nb5 33. g3 Qe8 34. Rc2 Qe6 35. Qxe6 fxe6 36. Nd2 Ra3 37. Kg2 Kf7 38. Nf1 Bd8 39. Ne3 Ba5 40. Nd1 Kf6 41. Kh3 Nd6 42. f3 Nb5 43. Kg4 Rb3 44. Rc1 Rb2 45. Nxb2 1-0

[Event "Cappelle Online Blitz op"]
[Site "Europe Echecs INT"]
[Date "2021.03.07"]
[Round "4"]
[White "Ribiere, Damien"]
[Black "Baryshpolets, Andrey"]
[Result "0-1"]
[WhiteElo "2083"]
[BlackElo "2569"]
[PlyCount "120"]
[EventDate "2021.03.07"]
[EventType "swiss (blitz)"]
[EventRounds "11"]
[EventCountry "FRA"]
[SourceTitle "CBM 201 Extra"]
[Source "ChessBase"]
[SourceDate "2021.05.31"]
[SourceVersion "1"]
[SourceVersionDate "2021.05.31"]
[SourceQuality "1"]

1. e4 e6 2. d4 d5 3. Nc3 Nf6 4. e5 Nfd7 5. Nf3 c5 6. dxc5 Nc6 7. Bf4 Bxc5 8. Bd3 f6 9. exf6 Qxf6 10. Bg3 0-0 11. 0-0 Nd4 12. Nxd4 Bxd4 13. Qd2 Nc5 14. Rae1 Bd7 15. Kh1 Rac8 16. f4 Nxd3 17. cxd3 Bxc3 18. bxc3 Qxc3 19. Qe2 Rf5 20. Qe3 Qc5 21. Qd2 Qa3 22. Bf2 Rc3 23. g4 Rxd3 24. Qc2 Rf7 25. Qc7 Rc3 26. Qe5 Rc4 27. Bd4 Qd3 28. Rd1 Qe4+ 29. Qxe4 dxe4 30. Bxa7 Ra4 31. Bd4 Bc6 32. Kg1 Rxa2 33. Be5 Rd7 34. Rxd7 Bxd7 35. Re1 Bc6 36. Bd4 Kf7 37. Be3 g6 38. Rf1 Ke7 39. Rd1 Bd5 40. Rc1 Kd7 41. Bd4 b5 42. Be5 Bc4 43. Rd1+ Bd3 44. Rc1 Bc2 45. Bc3 Kc6 46. Kf2 Kd5 47. Ke3 Bd3 48. Bd2 b4 49. f5 gxf5 50. gxf5 b3 51. f6 b2 52. Rc8 b1Q 53. f7 Qf1 54. f8Q Qe2+ 55. Kf4 Qxd2+ 56. Kg4 Qg2+ 57. Kh5 Qxh2+ 58. Kg5 Rg2+ 59. Kf6 Rf2+ 60. Ke7 Qd6+ 0-1

[Event "Texas Collegiate Finals"]
[Site "chess24.com INT"]
[Date "2020.10.18"]
[Round "6.1"]
[White "Baryshpolets, Andrey"]
[Black "Sjugirov, Sanan"]
[Result "1/2-1/2"]
[WhiteElo "2569"]
[BlackElo "2675"]
[PlyCount "86"]
[EventDate "2020.10.17"]
[EventType "team-tourn (rapid)"]
[EventRounds "8"]
[EventCountry "USA"]
[SourceTitle "CBM 198 Extra"]
[Source "ChessBase"]
[SourceDate "2020.11.30"]
[SourceVersion "1"]
[SourceVersionDate "2020.11.30"]
[SourceQuality "1"]
[WhiteTeam "Texas Tech Univ"]
[BlackTeam "Texas Rio Grande Valley Univ"]
[WhiteTeamCountry "USA"]
[BlackTeamCountry "USA"]

1. d4 Nf6 2. c4 e6 3. Nf3 d5 4. Nc3 Nbd7 5. Bf4 dxc4 6. e3 Bd6 7. Bxc4 Bxf4 8. exf4 Nb6 9. Bd3 Nbd5 10. g3 b6 11. Qa4+ Bd7 12. Qb3 0-0 13. 0-0 Bc6 14. Ne5 Bb7 15. Rfd1 Nd7 16. Ne4 h6 17. Rac1 N7f6 18. Nd2 Rc8 19. Nc6 Bxc6 20. Rxc6 Ne7 21. Rc3 c5 22. dxc5 bxc5 23. Ne4 Qb6 24. Nxf6+ gxf6 25. Be4 Rfd8 26. Rxd8+ Rxd8 27. Qc2 Rd4 28. Bf3 Qd6 29. Qc1 Rd2 30. Rc2 Rxc2 31. Qxc2 Nf5 32. Qa4 Qb6 33. Qd7 c4 34. Qc8+ Kg7 35. Qxc4 Qxb2 36. Qa6 Nd4 37. Bb7 Qb1+ 38. Kg2 Nc2 39. Qxa7 Ne1+ 40. Kf1 Nd3+ 41. Kg2 Ne1+ 42. Kf1 Nf3+ 43. Kg2 Ne1+ 1/2-1/2

[Event "Texas Collegiate Finals"]
[Site "chess24.com INT"]
[Date "2020.10.18"]
[Round "8.1"]
[White "Escalante Ramirez, Brian Sebastian"]
[Black "Baryshpolets, Andrey"]
[Result "1-0"]
[WhiteElo "2456"]
[BlackElo "2569"]
[PlyCount "67"]
[EventDate "2020.10.17"]
[EventType "team-tourn (rapid)"]
[EventRounds "8"]
[EventCountry "USA"]
[SourceTitle "CBM 198 Extra"]
[Source "ChessBase"]
[SourceDate "2020.11.30"]
[SourceVersion "1"]
[SourceVersionDate "2020.11.30"]
[SourceQuality "1"]
[WhiteTeam "Texas Dallas Univ II"]
[BlackTeam "Texas Tech Univ"]
[WhiteTeamCountry "USA"]
[BlackTeamCountry "USA"]

1. e4 e5 2. Nf3 Nc6 3. d4 exd4 4. Nxd4 Nf6 5. Nxc6 bxc6 6. e5 Qe7 7. Qe2 Nd5 8. c4 Nb6 9. Nc3 Qe6 10. Bd2 a5 11. f4 Ba6 12. b3 a4 13. Qf2 f6 14. Bd3 fxe5 15. 0-0 0-0-0 16. Ne4 Ba3 17. Be3 Bb7 18. f5 Qe7 19. Bg5 Qb4 20. Bd2 Qf8 21. c5 Nd5 22. Rab1 d6 23. cxd6 Bxd6 24. Qa7 a3 25. Rbc1 Nb6 26. Ba5 Bb4 27. Ba6 Bxa6 28. Qxa6+ Kd7 29. Rfd1+ Ke8 30. Rxd8+ Kxd8 31. Rd1+ Ke8 32. Bxb6 cxb6 33. Qc8+ Kf7 34. Qe6# 1-0

[Event "Texas Collegiate Finals"]
[Site "chess24.com INT"]
[Date "2020.10.18"]
[Round "5.1"]
[White "Sjugirov, Sanan"]
[Black "Baryshpolets, Andrey"]
[Result "1-0"]
[WhiteElo "2675"]
[BlackElo "2569"]
[PlyCount "87"]
[EventDate "2020.10.17"]
[EventType "team-tourn (rapid)"]
[EventRounds "8"]
[EventCountry "USA"]
[SourceTitle "CBM 198 Extra"]
[Source "ChessBase"]
[SourceDate "2020.11.30"]
[SourceVersion "1"]
[SourceVersionDate "2020.11.30"]
[SourceQuality "1"]
[WhiteTeam "Texas Rio Grande Valley Univ"]
[BlackTeam "Texas Tech Univ"]
[WhiteTeamCountry "USA"]
[BlackTeamCountry "USA"]

1. c4 e6 2. Nf3 d5 3. g3 Nf6 4. Bg2 d4 5. 0-0 c5 6. d3 Nc6 7. e3 Bd6 8. exd4 cxd4 9. Bg5 h6 10. Bxf6 Qxf6 11. Nbd2 Qe7 12. a3 a5 13. Rc1 0-0 14. Re1 a4 15. Ne4 Bc7 16. c5 f5 17. Ned2 e5 18. Nxe5 Nxe5 19. f4 Qf6 20. fxe5 Bxe5 21. c6 b5 22. c7 Ra6 23. Qf3 Kh7 24. Qd5 Re6 25. Nf3 Rfe8 26. Qxb5 R8e7 27. Qb8 Re8 28. Qb4 R8e7 29. Nxe5 Rxe5 30. Rxe5 Qxe5 31. Qc5 Qe3+ 32. Kh1 f4 33. gxf4 Qxf4 34. Qc6 g6 35. Qc2 h5 36. Qc5 Qe3 37. Rg1 h4 38. Qd6 Bf5 39. c8Q Bxc8 40. Be4 Rg7 41. Bxg6+ Kh6 42. Be4+ Kh5 43. Qe5+ Rg5 44. Qh8# 1-0

[Event "Texas Collegiate Finals"]
[Site "chess24.com INT"]
[Date "2020.10.17"]
[Round "3.1"]
[White "Baryshpolets, Andrey"]
[Black "Ruiz Castillo, Joshua Daniel"]
[Result "1-0"]
[WhiteElo "2569"]
[BlackElo "2498"]
[PlyCount "69"]
[EventDate "2020.10.17"]
[EventType "team-tourn (rapid)"]
[EventRounds "8"]
[EventCountry "USA"]
[SourceTitle "CBM 198 Extra"]
[Source "ChessBase"]
[SourceDate "2020.11.30"]
[SourceVersion "1"]
[SourceVersionDate "2020.11.30"]
[SourceQuality "1"]
[WhiteTeam "Texas Tech Univ"]
[BlackTeam "Texas Dallas Univ"]
[WhiteTeamCountry "USA"]
[BlackTeamCountry "USA"]

1. d4 Nf6 2. c4 e6 3. g3 d5 4. Bg2 Bb4+ 5. Bd2 Be7 6. Nf3 0-0 7. 0-0 c6 8. Bf4 Nbd7 9. Nc3 dxc4 10. e4 b5 11. d5 exd5 12. exd5 Qb6 13. dxc6 Nc5 14. a4 b4 15. Nb5 Be6 16. Nfd4 Bg4 17. Qc2 Rac8 18. Qxc4 Rfd8 19. h3 Bh5 20. Nf5 Bf8 21. Rfc1 Nd3 22. Be3 Qa5 23. Bxa7 Nxc1 24. Rxc1 Bg6 25. Nfd4 Qxa4 26. Bb6 Re8 27. c7 Qa6 28. Qc6 Be4 29. Bxe4 Nxe4 30. Na7 Qd3 31. Nxc8 Rxc8 32. Qc2 Qxc2 33. Rxc2 Nd6 34. Nc6 Nb7 35. Na7 1-0

[Event "UKR-RUS LCWL blitz 5+2"]
[Site "Chess.com INT"]
[Date "2020.05.17"]
[Round "1.15"]
[White "Baryshpolets, Andrey"]
[Black "Goltsev, Dmitry"]
[Result "1-0"]
[WhiteElo "2569"]
[BlackElo "2292"]
[PlyCount "171"]
[EventDate "2020.05.17"]
[EventType "team-match (blitz)"]
[EventRounds "2"]
[EventCountry "UKR"]
[SourceTitle "CBM 196 Extra"]
[Source "ChessBase"]
[SourceDate "2020.07.31"]
[SourceVersion "1"]
[SourceVersionDate "2020.07.31"]
[SourceQuality "1"]
[WhiteTeam "Ukraine"]
[BlackTeam "Russia"]
[WhiteTeamCountry "UKR"]
[BlackTeamCountry "RUS"]

1. d4 Nf6 2. c4 e6 3. Nf3 Bb4+ 4. Nbd2 Qe7 5. a3 Bxd2+ 6. Qxd2 b6 7. e3 a5 8. b3 Bb7 9. Be2 Ne4 10. Qc2 d6 11. 0-0 Nd7 12. Bb2 0-0 13. Ne1 f5 14. f3 Nef6 15. Nd3 e5 16. dxe5 dxe5 17. Nf2 e4 18. f4 Nc5 19. Rfe1 Rfd8 20. Rad1 Rxd1 21. Rxd1 Rd8 22. Rxd8+ Qxd8 23. b4 axb4 24. axb4 Ne6 25. Qd1 Qxd1+ 26. Bxd1 Ne8 27. g4 Nd6 28. Bb3 c5 29. Be5 Nf7 30. gxf5 Nxe5 31. fxe5 Ng5 32. bxc5 Nf3+ 33. Kg2 bxc5 34. Kg3 Nxe5 35. Kf4 Nf3 36. Bc2 Nd2 37. Bxe4 Bxe4 38. Nxe4 Nxc4 39. Nxc5 g6 40. e4 gxf5 41. Kxf5 Kf7 42. Nd3 Ne3+ 43. Kf4 Nc2 44. Ne5+ Kf6 45. Nf3 Nb4 46. e5+ Ke7 47. Ke4 Na6 48. Kf5 Nc5 49. Ng5 h6 50. Ne4 Nb3 51. Ng3 Nd4+ 52. Ke4 Nb3 53. Nf5+ Ke6 54. Nxh6 Nd2+ 55. Kf4 Nb3 56. Ng4 Nc5 57. h4 Nd3+ 58. Kg5 Kf7 59. h5 Nc5 60. Kf5 Ne6 61. Nf2 Ng7+ 62. Kg5 Ne6+ 63. Kg4 Ng7 64. Nd3 Ne6 65. Kf5 Ng7+ 66. Kg4 Ne6 67. Nf4 Nc5 68. Kf5 Nb3 69. e6+ Kg7 70. e7 Kf7 71. Nd5 Nd4+ 72. Ke5 Nb5 73. h6 Na7 74. h7 Nc6+ 75. Ke4 Nxe7 76. h8Q Ng6 77. Qh7+ Kf8 78. Qh6+ Kf7 79. Qg5 Kf8 80. Qf6+ Kg8 81. Qxg6+ Kh8 82. Qe8+ Kh7 83. Qe7+ Kh8 84. Kf5 Kg8 85. Nf6+ Kh8 86. Qh7# 1-0

[Event "UKR-RUS LCWL blitz 5+2"]
[Site "Chess.com INT"]
[Date "2020.05.17"]
[Round "2.15"]
[White "Goltsev, Dmitry"]
[Black "Baryshpolets, Andrey"]
[Result "0-1"]
[WhiteElo "2292"]
[BlackElo "2569"]
[PlyCount "130"]
[EventDate "2020.05.17"]
[EventType "team-match (blitz)"]
[EventRounds "2"]
[EventCountry "UKR"]
[SourceTitle "CBM 196 Extra"]
[Source "ChessBase"]
[SourceDate "2020.07.31"]
[SourceVersion "1"]
[SourceVersionDate "2020.07.31"]
[SourceQuality "1"]
[WhiteTeam "Russia"]
[BlackTeam "Ukraine"]
[WhiteTeamCountry "RUS"]
[BlackTeamCountry "UKR"]

1. d3 c5 2. Nd2 Nc6 3. b3 Nf6 4. Bb2 e5 5. g3 d5 6. Bg2 Bd6 7. e4 d4 8. a4 h5 9. h4 Rb8 10. Bh3 0-0 11. Bxc8 Qxc8 12. Nh3 Bc7 13. Ng5 g6 14. 0-0 Ng4 15. Nc4 f6 16. Nf3 Kg7 17. Nh2 f5 18. f3 Nf6 19. Qe2 Qd7 20. Rf2 Rbe8 21. Raf1 a6 22. Bc1 b5 23. Nb2 f4 24. g4 hxg4 25. fxg4 Rh8 26. Nf3 Nxg4 27. Rg2 Bd8 28. Qe1 Rh5 29. axb5 axb5 30. Nd1 Reh8 31. Nf2 Nxf2 32. Qxf2 Bxh4 33. Nxh4 Rxh4 34. Qf3 Rh3 35. Qg4 Qxg4 36. Rxg4 Rh1+ 37. Kf2 R8h2+ 38. Rg2 Rxf1+ 39. Kxf1 Rh1+ 40. Rg1 Rxg1+ 41. Kxg1 Nb4 42. Ba3 Nxc2 43. Bxc5 Ne1 44. Bd6 Kf6 45. Kf1 Nxd3 46. b4 Nb2 47. Ke2 Nc4 48. Bc7 Ke6 49. Kf3 Nd2+ 50. Ke2 Nxe4 51. Kf3 Kf5 52. Bd8 g5 53. Ke2 g4 54. Bh4 Nc3+ 55. Kd3 Nd5 56. Ke2 Nxb4 57. Be7 Nd5 58. Bd6 e4 59. Kd2 g3 60. Ke1 b4 61. Ke2 b3 62. Kd2 g2 63. Ke2 g1Q 64. Bxf4 Nc3+ 65. Kd2 Qd1# 0-1

[Event "PNWCC Online blitz JP 10th"]
[Site "Chess.com INT"]
[Date "2020.05.16"]
[Round "10"]
[White "Baryshpolets, Andrey"]
[Black "Indjic, Aleksandar"]
[Result "0-1"]
[WhiteElo "2569"]
[BlackElo "2618"]
[PlyCount "82"]
[EventDate "2020.05.16"]
[EventType "swiss (blitz)"]
[EventRounds "11"]
[EventCountry "USA"]
[SourceTitle "CBM 196 Extra"]
[Source "ChessBase"]
[SourceDate "2020.07.31"]
[SourceVersion "1"]
[SourceVersionDate "2020.07.31"]
[SourceQuality "1"]

1. d4 Nf6 2. c4 e6 3. Nf3 c5 4. d5 d6 5. Nc3 exd5 6. cxd5 g6 7. g3 Bg7 8. Bg2 0-0 9. 0-0 Re8 10. Nd2 b6 11. a4 Nbd7 12. h3 a6 13. f4 Rb8 14. Nc4 Qc7 15. Na3 c4 16. Kh2 Qc5 17. Nc2 b5 18. axb5 axb5 19. Ra5 Qc7 20. Rxb5 Nc5 21. Rxb8 Qxb8 22. Nd4 Nfe4 23. Nxe4 Nxe4 24. Qa4 Bd7 25. Qxc4 Qb6 26. Nc6 f5 27. b4 h5 28. b5 Kh7 29. Rf3 Nf6 30. Bb2 Re4 31. Qd3 Ng4+ 32. hxg4 Bxb2 33. gxh5 gxh5 34. Rf1 Re3 35. Qc2 Bf6 36. Qd2 Kg6 37. Bf3 Re8 38. Rb1 h4 39. gxh4 Qf2+ 40. Kh1 Bxh4 41. Qd4 Rxe2 0-1

[Event "PNWCC Online blitz JP 10th"]
[Site "Chess.com INT"]
[Date "2020.05.16"]
[Round "3"]
[White "Baryshpolets, Andrey"]
[Black "Sychev, Klementy"]
[Result "0-1"]
[WhiteElo "2569"]
[BlackElo "2572"]
[PlyCount "96"]
[EventDate "2020.05.16"]
[EventType "swiss (blitz)"]
[EventRounds "11"]
[EventCountry "USA"]
[SourceTitle "CBM 196 Extra"]
[Source "ChessBase"]
[SourceDate "2020.07.31"]
[SourceVersion "1"]
[SourceVersionDate "2020.07.31"]
[SourceQuality "1"]

1. d4 Nf6 2. c4 g6 3. Nc3 d5 4. cxd5 Nxd5 5. e4 Nxc3 6. bxc3 Bg7 7. Be3 c5 8. Nf3 Qa5 9. Qd2 Nc6 10. Rb1 a6 11. Rc1 cxd4 12. cxd4 Qxd2+ 13. Kxd2 e6 14. h4 0-0 15. Bd3 Rd8 16. e5 h6 17. h5 g5 18. Nxg5 Nxd4 19. Nf3 Nxf3+ 20. gxf3 Bd7 21. Ke2 Bc6 22. Rhg1 Kh8 23. f4 Rg8 24. Rg3 Bf8 25. Rcg1 Rxg3 26. fxg3 Rc8 27. Rc1 Ba3 28. Rc2 Kg7 29. g4 Be7 30. f5 exf5 31. gxf5 f6 32. e6 Kh7 33. Be4 Bb5+ 34. Kf2 Rxc2+ 35. Bxc2 Bc4 36. a4 b5 37. axb5 axb5 38. Bd4 b4 39. Ke3 b3 40. Bd3 Bd5 41. Be4 Bc4 42. Kd2 Bb4+ 43. Bc3 Be7 44. Ke3 Bc5+ 45. Bd4 Be7 46. Bc6 Kg7 47. Be8 Ba3 48. Bg6 Bc5 0-1